Races de chats - Mort subite - Statistiques

Statistiques générales
  • Ce quiz a été pris 2 232 fois
  • Le résultat moyen est 4 sur 17
Answers on the Grid
Answers color-coded by a green-red scale on the quiz's grid according to % correct below.
Abyssin
Siamois
Balinais
Bleu russe
Blanc russe
Chartreux
Chantilly
Béchamel
Himalayen
Andin
Mandarin
Tibétain
Chinois
Persan
Ragamuffin
Rasta
Safari
Chrome
Savannah
Sibérien
Somali
Egyptien
Thaï
Tiffany
Tonkinois
Annamite
Libyen
Mandchou
Rominet
Malgache
Ethiopien
Royal
Félix
Garfield
Bleu hongrois
 
Statistiques - réponses
Réponse % Correct
Siamois
65%
Persan
64%
Chartreux
49%
Sibérien
45%
Savannah
39%
Bleu russe
30%
Abyssin
27%
Balinais
14%
Somali
11%
Thaï
11%
Tonkinois
11%
Himalayen
10%
Ragamuffin
7%
Mandarin
5%
Tiffany
4%
Chantilly
2%
Safari
2%
Aucun quiz correspondant
Distribution des résultats
% des personnes avec chaque résultat
Percentile par nombre de réponses
Votre historique - résultats
Vous n’avez pas pris ce quiz